Т. 73, № 2; Ядерная физика

Dades bibliogràfiques
Parent link:Ядерная физика/ Российская академия наук. Т. 73, № 2.— , 1965-.— 0044-0027
Idioma:rus
Publicat: 2010
Format: MixedMaterials Llibre
KOHA link:https://koha.lib.tpu.ru/cgi-bin/koha/opac-detail.pl?biblionumber=420603

MARC

LEADER 00000nam2a2200000 4500
001 420603
005 20231101073413.0
035 |a (RuTPU)RU\TPU\prd\78200 
035 |a RU\TPU\prd\77960 
090 |a 420603 
100 |a 20100318a19659999k y0rusy50 ca 
101 0 |a rus 
102 |a RU 
200 0 |a Т. 73, № 2 
210 |d 2010 
461 1 |0 (RuTPU)RU\TPU\prd\397  |x 0044-0027  |t Ядерная физика  |f Российская академия наук  |v Т. 73, № 2  |d 1965- 
801 0 |a RU  |b 63413507  |c 20010227  |g PSBO 
801 1 |a RU  |b 63413507  |c 20100309 
801 2 |a RU  |b 63413507  |c 20210111  |g RCR 
942 |c BK 
999 |a НТБ_ТПУ  |b НФ  |e -8/20100113  |p П-7300  |s 5/20090907  |u 0,00  |v 1